| 000 | 00980nam a2200301Ia 4500 | ||
|---|---|---|---|
| 003 | OSt | ||
| 005 | 20221007122450.0 | ||
| 006 | a|||||r|||| 00| 0 | ||
| 007 | ta | ||
| 008 | 221006b |||||||| |||| 00| 0 eng d | ||
| 020 | _a9780470742754 (pbk) | ||
| 024 | _a99297 | ||
| 037 |
_b980, 15/03/2010, Ashutosh Technical Books _cTextbook |
||
| 040 |
_aPAPL _cPAPL _beng |
||
| 041 |
_2eng _aeng |
||
| 082 | _aC9B3, P6;P9 Carpa | ||
| 100 |
_aMartin B R _9441479 |
||
| 245 | 0 | _aNuclear and particle physics:an introduction | |
| 250 | _a2 | ||
| 260 |
_aChichester _bJohn Wiley _c2009 |
||
| 300 |
_axviii, 453p. _ccm. |
||
| 500 | _aAppendices A-F, 339-436p.; References 437-440p.; Bibliography 441-442p.; Index 443-453p. | ||
| 650 |
_a Nuclear physics _9543687 |
||
| 650 | _a Particle physics | ||
| 650 | _aPhysics | ||
| 942 |
_hC9B3, P6;P9 Carpa _cTB _2CC |
||
| 999 |
_c1210389 _d1210389 |
||